Прибор для светодиодной физиотерапии; Современные техника и технологии; Т. 2

Bibliografiska uppgifter
Parent link:Современные техника и технологии: сборник трудов XVIII международной научно-практической конференции студентов, аспирантов и молодых ученых, Томск, 9-13 апреля 2012 г/ Национальный исследовательский Томский политехнический университет (ТПУ).— , 2012
Т. 2.— 2012.— [С. 11-12]
Huvudupphovsman: Бочков М. С.
Övriga upphovsmän: Баранов В. Н. (научный руководитель)
Sammanfattning:Заглавие с титульного листа
Språk:ryska
Publicerad: 2012
Serie:Секция 5: Системы и приборы медицинского назначения
Ämnen:
Länkar:http://www.lib.tpu.ru/fulltext/v/Conferences/2012/C2/V2/v2_004.pdf
Materialtyp: Elektronisk Bokavsnitt
KOHA link:https://koha.lib.tpu.ru/cgi-bin/koha/opac-detail.pl?biblionumber=222640

MARC

LEADER 00000naa2a2200000 4500
001 222640
005 20260218161134.0
035 |a (RuTPU)RU\TPU\book\242854 
035 |a RU\TPU\book\242836 
090 |a 222640 
100 |a 20120927d2012 k y0rusy50 ca 
101 0 |a rus 
102 |a RU 
135 |a drcn ---uucaa 
181 0 |a i  
182 0 |a b 
200 1 |a Прибор для светодиодной физиотерапии  |f М. С. Бочков, В. Н. Баранов  |g науч. рук. В. Н. Баранов 
203 |a Текст  |c электронный 
215 |a 1 файл (783 Кб) 
225 1 |a Секция 5: Системы и приборы медицинского назначения 
300 |a Заглавие с титульного листа 
320 |a [Библиогр.: с. 12 (7 назв.)] 
337 |a Adobe Reader 
461 1 |0 (RuTPU)RU\TPU\book\240890  |t Современные техника и технологии  |o сборник трудов XVIII международной научно-практической конференции студентов, аспирантов и молодых ученых, Томск, 9-13 апреля 2012 г  |o в 3 т.  |f Национальный исследовательский Томский политехнический университет (ТПУ)  |d 2012 
463 1 |0 (RuTPU)RU\TPU\book\242828  |t Т. 2  |v [С. 11-12]  |d 2012 
610 1 |a электронный ресурс 
610 1 |a приборы 
610 1 |a светодиодные источники 
610 1 |a физиотерапия 
610 1 |a лазерная терапия 
700 1 |a Бочков  |b М. С. 
701 1 |a Баранов  |b В. Н. 
702 1 |a Баранов  |b В. Н.  |4 727 
801 2 |a RU  |b 63413507  |c 20130923  |g RCR 
856 4 |u http://www.lib.tpu.ru/fulltext/v/Conferences/2012/C2/V2/v2_004.pdf 
942 |c CF